Diccionari ortogràfic i de pronúncia / Jordi Bruguera i Talleda
ISBN:
84-7739-138-6
Descripción Física:
732 p. ; 21 cm
MARC
| LEADER | 00000nam a2200000Ia 4500 | ||
|---|---|---|---|
| 001 | 13209 | ||
| 008 | 160829s1994 xx 000 0 cat d | ||
| 020 | |a 84-7739-138-6 | ||
| 080 | |a Sala Tècnica | ||
| 100 | |a Bruguera i Talleda, Jordi |9 37861 | ||
| 245 | |a Diccionari ortogràfic i de pronúncia / Jordi Bruguera i Talleda | ||
| 250 | |a 1a ed., 3a reimp. | ||
| 260 | |a Barcelona : |b Enciclopèdia Catalana, |c 1994 | ||
| 300 | |a 732 p. ; |c 21 cm | ||
| 490 | |a Diccionaris d'Enciclopèdia Catalana. Sèrie diccionaris complementaris ; 1 | ||
| 650 | |a Català |x Ortografia |x Diccionaris |9 38068 | ||
| 650 | |a Català |x Fonètica |x Diccionaris |9 37863 | ||
| 901 | |a Arxiu | ||
| 942 | |n 1 | ||
| 952 | |0 0 |1 0 |4 0 |6 SALA_TÈCNICA |7 1 |9 48124 |a Arxiu |b Arxiu |d 2016-12-01 |l 0 |o Sala Tècnica |p 13209 |r 2016-12-01 00:00:00 |w 2016-12-01 |y ARXIU | ||
| 999 | |c 51927 |d 51927 | ||